La Naturaleza Jurd̕ica del Estado Federal en Mx̌ico Rafael M. Velz̀quez Gallegos

Bibliographic Details
Main Author: Garabito, Martn̕ez Jorge
Other Authors: Velz̀quez Gallegos, Rafael M.
Format: eBook
Language:Spanish
Published: Ciudad de Mx̌ico: Cm̀ara de Diputados, 2010
Subjects:
Online Access:Acceso restringido

MARC

LEADER 00000nam a22000007a 4500
005 20171025154432.0
007 cr|||| ||||
008 171025s2010 mx |||||s|||| 00||0 spa d
035 |a 20519 
040 |a vLex 
090 |c 7138  |d 7138 
100 1 |a Garabito, Martn̕ez Jorge 
245 1 0 |a La Naturaleza Jurd̕ica del Estado Federal en Mx̌ico  |h [Recurso electrn̤ico] /  |c Jorge Garabito Martn̕ez;   |n Rafael M. Velz̀quez Gallegos 
256 |a Servicio en ln̕ea 
260 |a Ciudad de Mx̌ico:  |b Cm̀ara de Diputados,  |c 2010 
300 |a 1 recurso electrn̤ico (71p.) 
500 |a Federalismo en el Marco de las Celebraciones del 2010. 
506 1 |a Disponible solo en los productos indicados  |d vLex Global  |d vLex Global (Academic Edition, excluding Law Schools)  |d vLex Global (U.S. Academic Edition, Law Schools)  |d vLex Global (U.S. Academic Edition, excluding Law Schools)  |d vLex Global (Academic Edition, Law Schools) 
650 0 4 |a Derecho Pb︢lico  |z Mx̌ico 
650 0 4 |a Derecho Administrativo  |z Mx̌ico 
650 0 4 |a Derecho Constitucional  |z Mx̌ico 
700 1 |a Velz̀quez Gallegos, Rafael M. 
740 0 |a vLex Libros (Servicio en ln̕ea) 
856 4 0 |u http://vlex.com/source/naturaleza-juridica-estado-federal-mexico-20519  |z Acceso restringido 
942 |c BOOK 
999 0 |a Administrative law 
999 0 |a Constitutional law 
999 0 |a Public law